Missing from the Cover: Classic Literature II Quiz Stats

 Plays Quiz Updated Feb 14, 2016

Score 0/20 Timer 06:00
1 Play Today
% Correct
A Tale of Two Cities (Charles Dickens)
99.7%
To Kill a Mockingbird (Harper Lee)
97.3%
Lord of the Flies (William Golding)
96.5%
Brave New World (Aldous Huxley)
95.6%
20,000 Leagues Under the Sea (Jules Verne)
95.2%
The Lord of the Rings: The Fellowship of the Ring (J. R. R. Tolkien)
94.7%
Crime and Punishment (Fyodor Dostoyevsky)
94.4%
The Scarlet Letter (Nathaniel Hawthorne)
93.7%
Catch-22 (Joseph Heller)
92.2%
Treasure Island (Robert Louis Stevenson)
89.9%
% Correct
Anna Karenina (Leo Tolstoy)
89.6%
Frankenstein (Mary Shelley)
89.1%
Slaughterhouse-Five (Kurt Vonnegut)
87.8%
Madame Bovary (Gustave Flaubert)
85.8%
The Portrait of a Lady (Henry James)
85.5%
Fahrenheit 451 (Ray Bradbury)
81.6%
Heart of Darkness (Joseph Conrad)
78.3%
On the Road (Jack Kerouac)
76.6%
The Sound and the Fury (William Faulkner)
73.6%
Silas Marner (George Eliot)
63.6%

You're not logged in!

Compare scores with friends on all Sporcle quizzes.
OR
Log In

You Might Also Like...

Show Comments

Extras

Top Quizzes Today


Score Distribution

Your Account Isn't Verified!

In order to create a playlist on Sporcle, you need to verify the email address you used during registration. Go to your Sporcle Settings to finish the process.

Report this User

Report this user for behavior that violates our Community Guidelines.

Details: